Jeux présents dans le générique du Joueur du Grenier - Statistiques

Statistiques générales
  • Ce quiz a été pris 51 fois
  • Le résultat moyen est 6 sur 11
Statistiques - réponses
Par images Réponse % Correct
Astérix and the Great Rescue
96%
Tintin au Tibet
90%
Dragonball
83%
Ultraman
69%
Waterworld
52%
Power Rangers
50%
Les Chevaliers du Zodiaque
46%
Dark Castle
38%
Sword of Sodan
29%
The Goonies
27%
Last Battle
17%
Aucun quiz correspondant
Distribution des résultats
% des personnes avec chaque résultat
Percentile par nombre de réponses
Votre historique - résultats
Vous n’avez pas pris ce quiz